000 00713nam a2200205Ia 4500
001 12927
003 GE_BSU
008 181216s||||||||xx |||||||||||||| ||und||
040 _cGE_BSU
080 _a631.8(035)
245 _aСправочная книга по химизации сельского хозяйства
245 _cПод.ред.В.М.Борисова. Ред. А.И.Григорьева и И.А.Курзина
250 _a2-ое дополн.и перераб.
260 _aМосква
260 _bКолос
260 _c1980
300 _a560стр.20см.
653 _aСправочная книга по химизации сельского хозяйства
942 _cBK
999 _c46097
_d46097